|
|
|
|
| LEADER |
00000nam0a2200000 4500 |
| 001 |
373655 |
| 005 |
20231102012603.0 |
| 010 |
|
|
|b 350 экз.
|
| 035 |
|
|
|a (RuTPU)RU\TPU\retro\31085
|
| 035 |
|
|
|a RU\TPU\book\305528
|
| 090 |
|
|
|a 373655
|
| 100 |
|
|
|a 20221216d1929 k y0rusy50 ca
|
| 101 |
0 |
|
|a rus
|
| 102 |
|
|
|a RU
|
| 105 |
|
|
|a f z 001zy
|
| 200 |
1 |
|
|a Расчет и исследование кулачного клапанного парораспределения системы Дерфеля
|e [оттиск статьи]
|f Д. В. Спецци
|
| 210 |
|
|
|a Томск
|c Типография издательства "Красное Знамя"
|d 1929
|
| 215 |
|
|
|a 26 с.
|c черт.
|
| 225 |
1 |
|
|a Известия СТИ
|v Т. 51, вып. 4
|
| 316 |
|
|
|5 63413507: ШкА/5150
|a На титульном листе дарственная надпись: "Библиотеке СТИ от Д. Спецци"
|
| 320 |
|
|
|a Библиогр.: с. 26
|
| 606 |
1 |
|
|a Паротехника
|2 stltpush
|3 (RuTPU)RU\TPU\subj\48318
|9 67194
|
| 610 |
1 |
|
|a кулачное клапанное парораспределение
|
| 610 |
1 |
|
|a расчет
|
| 610 |
1 |
|
|a исследование
|
| 610 |
1 |
|
|a дарственная надпись
|
| 610 |
1 |
|
|a дары автора
|
| 610 |
1 |
|
|a дары библиотеке
|
| 610 |
1 |
|
|a труды учёных ТПУ
|
| 610 |
1 |
|
|a коллекция ТПУ
|
| 675 |
|
|
|a 621.11
|v 3
|
| 700 |
|
1 |
|a Спецци
|b Д. В.
|c выпускник Механического Отделения ТТИ 1917 г.
|c преподаватель ТТИ (1921-1937)
|f 1892-1937
|g Дмитрий Васильевич
|2 stltpush
|3 (RuTPU)RU\TPU\pers\23364
|9 10141
|
| 801 |
|
1 |
|a RU
|b 63413507
|c 20150124
|
| 801 |
|
2 |
|a RU
|b 63413507
|c 20221216
|g RCR
|
| 942 |
|
|
|c BK
|